banner koha

Estudos preliminares sobre deteccao de Pyricularia sp em sementes de trigo (Triticum aestivum)e eficiencia do tratamento de sementes com fungicidas em condicoes de laboratorio (Registro n. 133462)

MARC details
000 -LÍDER
campo de controle de tamanho fixo 01049nas a2200277 4500
001 - NÚMERO DE CONTROLE
campo de controle BR9204134
003 - IDENTIFICADOR DO NÚMERO DE CONTROLE
campo de controle BR-BrBNA
005 - DATA E HORÁRIO DA ÚLTIMA TRANSAÇÃO
campo de controle 20231205092707.0
007 - CAMPO FIXO DE DESCRIÇÃO FÍSICA--INFORMAÇÃO GERAL
campo de controle de tamanho fixo ta
008 - CAMPO DE DADOS FIXOS--INFORMAÇÃO GERAL
campo de controle de tamanho fixo 230509b bl.|||p| |||| 00| 00por d
040 ## - FONTE DA CATALOGAÇÃO
Instituição da catalogação original BR-BrBNA
Idioma da catalogação por
Instituição que transcreveu o registro Biblioteca Nacional de Agricultura
041 ## - CÓDIGO DE IDIOMA
Código do idioma do texto/trilha sonora ou título diferente (Pt)
072 ## - CÓDIGO DE CATEGORIA DE ASSUNTO
Código de Categoria de Assunto H20; F03
100 1# - ENTRADA PRINCIPAL--NOME PESSOAL
Nome pessoal Lopes, M.E.B.M.
100 1# - ENTRADA PRINCIPAL--NOME PESSOAL
Nome pessoal Bueno, J.T.
245 1# - TÍTULO
Título Estudos preliminares sobre deteccao de Pyricularia sp em sementes de trigo (Triticum aestivum)e eficiencia do tratamento de sementes com fungicidas em condicoes de laboratorio
246 1# - FORMA VARIANTE DO TÍTULO
Título/título abreviado Preliminary studies on detection of Pyricularia sp in wheat seeds (Triticum aestivum L.)and seed treatment effect with fungicides under laboratory conditions
650 ## - ASSUNTO--TERMO TÓPICO
Cabeçalho tópico ou nome geográfico TRIGO
650 ## - ASSUNTO--TERMO TÓPICO
Cabeçalho tópico ou nome geográfico BRUSONE
650 ## - ASSUNTO--TERMO TÓPICO
Cabeçalho tópico ou nome geográfico SEMENTE
650 ## - ASSUNTO--TERMO TÓPICO
Cabeçalho tópico ou nome geográfico FUNGICIDA
650 ## - ASSUNTO--TERMO TÓPICO
Cabeçalho tópico ou nome geográfico CONTROLE QUIMICO
773 0# - ENTRADA ANALÍTICA
Título Summa Phytopathologica (Brazil)
ISSN - International Standard Serial Number ISSN 0100-5405
Partes relacionadas (Apr-Jun 1990), v. 16(2) p. 166-173
Número de controle do registro BR9204134
909 ## -
-- 202311
-- Lúcia
-- 55
-- Lúcia Elande
942 ## - ELEMENTOS DE ENTRADA ADICIONADOS (KOHA)
Fonte da classificação ou esquema de arquivamento na estante Classificação AGRIS
Ocultar no OPAC Não
Tipo de material Koha Analítica
Exemplares
Situação do descarte Fonte da classificação ou esquema de arquivamento na estante Situação física Não pode ser emprestado Biblioteca de origem Biblioteca atual Localização na estante Enumeração do periódico / cronologia Total de empréstimos Data de último acesso Número do exemplar Tipo de material Koha Fonte de aquisição
  Classificação AGRIS   Consulta local Biblioteca Nacional de Agricultura - Binagri Biblioteca Nacional de Agricultura - Binagri   (Apr-Jun 1990), v. 16(2) p. 166-173   29/11/2023 01 Periódicos Portaria Interministerial nº 164/94

BINAGRI

Telefone: (61)3218-2567/2388/3357/2097 - binagri@agro.gov.br

Ministério da Agricultura e Pecuária , Esplanada dos Ministérios, Bloco D, Anexo B, Brasília/DF, CEP: 70.043-900